• 首页
  • 本馆介绍
  • 公告通知
  • 最新文献
  • 馆藏检索
  • 电子资源
  • 读者导购
  • 参考咨询
  • 我的图书馆
  • 登录
  • 详细信息显示
  • 放入我的书架
  • 预约/预借图书
  • 作者相关作品
  • 分类相关作品
  • 丛书相关作品
  • 出版社相关作品

书目信息

  • 表格格式
  • 工作单格式
  • 卡片格式
题名:
中华人民共和国反洗钱法释义
    
 
作者: ;《反洗钱法释义》编写组 [编]
分册:  
出版信息: 北京   中国法制出版社  2006
页数: 249页
开本: 21cm
丛书名: 法律法规释义系列
单 册:
中图分类: D924.335
科图分类:
主题词: 洗钱罪--Xi Qian Zui--法律解释--中国
电子资源:
ISBN: 978-7-80226-628-5
000 00992nam0 22002771 450
001 349534
005 20161009082441.43
010    @a978-7-80226-628-5@dCNY20.00
100    @a20060104d2006 em y0chiy50 ea
101 0  @achi
102    @aCN@b110000
105    @ay zn 000yy
106    @ar
200 1  @a中华人民共和国反洗钱法释义@AZhong Hua Ren Min Gong He Guo Fan Xi Qian Fa Shi Yi@f《反洗钱法释义》编写组[编]
210    @a北京@c中国法制出版社@d2006
215    @a249页@d21cm
225 2  @a法律法规释义系列@AFa Lv Fa Gui Shi Yi Xi Lie
300    @a学习培训用书
330    @a本书内容包括:总则、反洗钱监督管理、金融机构反洗钱义务、反洗钱调查、反洗钱国际合作、法律责任、附则。
461  0 @12001 @a法律法规释义系列
606 0  @a洗钱罪@AXi Qian Zui@x法律解释@y中国
610 0  @a反洗钱法@AFan Xi Qian Fa
690    @aD924.335@v5
711 02 @a《反洗钱法释义》编写组@AFan Xi Qian Fa Shi Yi Bian Xie Zu@4[编]
801  0 @aCN@bTANGWEI@20160730
905    @b0885495-9@dD924.335@e531@f5
    
    中华人民共和国反洗钱法释义/《反洗钱法释义》编写组[编] .-北京:中国法制出版社,2006
    249页;21cm.-(法律法规释义系列)
    学习培训用书
    
    ISBN 978-7-80226-628-5:CNY20.00
    本书内容包括:总则、反洗钱监督管理、金融机构反洗钱义务、反洗钱调查、反洗钱国际合作、法律责任、附则。
●
相关链接 在E读中查询图书 在五车中查询图书 在当当中查询图书 在豆瓣中查询图书


正题名:中华人民共和国反洗钱法释义     索取号:D924.335/531         预约/预借

序号 登录号 条形码 馆藏地/架位号 状态 备注
1 0885495   208854952   第一样本阅览室/ [索取号:D924.335/531] 在馆    
2 0885496   208854961   密集书库-史法系/ [索取号:D924.335/531] 在馆    
3 0885497   208854970   第一借阅区/ [索取号:D924.335/531] 在馆    
4 0885498   208854989   第一借阅区/ [索取号:D924.335/531] 在馆    
5 0885499   208854998   第一借阅区/ [索取号:D924.335/531] 在馆    
唐山师范学院图书馆 欢迎您!
大连网信软件有限公司© 版权所有